000 00872cam a22001934a 4500
005 20250605164355.0
008 250528s ||||||||||||||||||||||||d
035 _a24288
040 _aGR-AtMCL
_bgre
_dGR-AtMCL
_eAACR2
245 1 _aA New Generation of Scrubbing Technology / Simple Compact Design - No Moving Parts or Media - Industry Leading Efficiency
260 _c2019
300 _a38
520 _aBanks Launch Green Finance Initiative, DNV GL and Oshima Tie-Up, Pre-Swirl Stator for CPPs Developed, Kongsberg Thrusters Target Merchant Marine, Leader Briefing, Shipyard Report, Ship Description, Building on a Solid Base, Many a Slip, New HiMSEN H54DFY, Taking a Wider View, In for the Long Haul.
700 1 _aEdstrom Nick
_99444
942 _cCR
710 2 _aMotorship Propulsion And Future Fuels Conference
_99835
999 _c9178
_d9178